Chroniques de

Tallennettuna:
Bibliografiset tiedot
Aineistotyyppi: Kirja
Kieli:Undetermined
Julkaistu: Paris Quebec/Amerique 1987
Aiheet:
Tagit: Lisää tagi
Ei tageja, Lisää ensimmäinen tagi!
Thư viện lưu trữ: Trung tâm Học liệu Trường Đại học Cần Thơ
LEADER 00411nam a2200157Ia 4500
001 CTU_86005
008 210402s9999 xx 000 0 und d
082 |a 971.4 
082 |b C557 
245 0 |a Chroniques de 
260 |a Paris 
260 |b Quebec/Amerique 
260 |c 1987 
650 |a Relations fédérales-provinciales 
904 |i Tuyến 
980 |a Trung tâm Học liệu Trường Đại học Cần Thơ